CATÁLOGO PÚBLICO DE LA BIBLIOTECA OSCAR VARSAVSKY

El agua y el poder: Caracas y la formación del Estado colonial caraqueño 1567-1700. (Registro nro. 3598)

Detalles MARC
000 -CABECERA
campo de control de longitud fija 00553nam a22002057a 4500
001 - NÚMERO DE CONTROL
campo de control T027600002444
008 - DATOS DE LONGITUD FIJA--INFORMACIÓN GENERAL
campo de control de longitud fija 181111b xve|||||r|||| 00| | esp d
020 ## - NÚMERO INTERNACIONAL ESTÁNDAR DEL LIBRO
Número Internacional Estándar del Libro 980-6479-23-8
099 ## - SIGNATURA TOPOGRÁFICA LOCAL
Número de clasificación 987
Cutter S228
100 ## - ENTRADA PRINCIPAL--NOMBRE DE PERSONA
Nombre de persona Sanoja, Mario
245 ## - MENCIÓN DE TÍTULO
Título El agua y el poder: Caracas y la formación del Estado colonial caraqueño 1567-1700.
260 ## - PUBLICACIÓN, DISTRIBUCIÓN, ETC. (PIE DE IMPRENTA)
Lugar de publicación, distribución, etc. 2002
300 ## - DESCRIPCIÓN FÍSICA
Extensión 224
500 ## - NOTA GENERAL
Nota general
650 ## - PUNTO DE ACCESO ADICIONAL DE MATERIA--TÉRMINO DE MATERIA
Término de materia o nombre geográfico como elemento inicial Proyecto de arqueología.
650 ## - PUNTO DE ACCESO ADICIONAL DE MATERIA--TÉRMINO DE MATERIA
Término de materia o nombre geográfico como elemento inicial Conquista y colonización.
650 ## - PUNTO DE ACCESO ADICIONAL DE MATERIA--TÉRMINO DE MATERIA
Término de materia o nombre geográfico como elemento inicial Arqueología urbana.
700 ## - PUNTO DE ACCESO ADICIONAL--NOMBRE DE PERSONA
Nombre de persona Vargas Iraida.
Término indicativo de función/relación
942 ## - ELEMENTOS DE PUNTO DE ACCESO ADICIONAL (KOHA)
Tipo de ítem Koha Libro
Existencias
Estado de retiro Estado de pérdida Estado dañado No para préstamo Localización permanente Ubicación/localización actual Fecha de adquisición Total de préstamos Signatura topográfica completa Código de barras Fecha visto por última vez Precio válido a partir de Tipo de ítem Koha
        Oscar Varsavsky Oscar Varsavsky 13.11.2018   987 S228 T027600002436 13.11.2018 13.11.2018 Libro